Responses for Show #5413 - Wednesday, March 5, 2008

Contestants

[<< previous game]

Cristina Martin, a stay-at-home mom from Louisville, Kentucky

Clara Bolton, a school librarian from Kansas City, Missouri

Robin Woods, a software developer from Aurora, Colorado (whose 2-day cash winnings total $16,700)

[next game >>]

Jeopardy! Round responses

MAMMALS
SPORTS NICKNAMES
TAKE THE KIDS!
ART FOR ART'S SAKE
ALSO A CANNED DRINK
IN THE DICTIONARY
    $200 16
(Robin: What is a skunk?)

a zebra

RobinCristina
    $200 21
Scottie Pippen

Robin
    $200 26
Tokyo

Clara
    $200 7
butter

Cristina
    $200 1
a sprite

Cristina
    $200 2
twirler

Cristina
    $400 17
marsupials

Robin
    $400 22
Mike Tyson

Robin
    $400 27
roller coasters

Cristina
    $400 8
(Robin: Who is Christo?)

Andy Warhol

RobinCristina
    $400 12
a slice

Cristina
    $400 3
Lithuanian

Robin
    $600 18
porcupine

Clara
    $600 23
Joe DiMaggio

Triple Stumper
    $600 28
Universal Studios

Cristina
    $600 9
Cheeta (the chimp)

Triple Stumper
    $600 13
orange crush

Cristina
    $600 4
Vulcan

Cristina
    $800 19
(Clara: What are anteaters?)

elephants

RobinClara
    $800 24
Maria Sharapova

Robin
    $800 29
(Hans Christian) Andersen

Clara
    $3,400 10
Salvador DalĂ­

Cristina
    $800 14
Dr. Pepper

Robin
    $800 5
succotash

Cristina
    $1000 20
(Clara: What are "capi-chian" monkeys?)
...
(Alex: Yeah, not "capi-chin". You kind of changed that letter a little too much for us, Clara. Sorry.)

capuchin

RobinClara
    $1000 25
Lawrence Taylor

Robin
    $1000 30
Idaho

Clara
    $1000 11
Christo

Robin
    $1000 15
a Delaware punch

Triple Stumper
    $1000 6
Percheron

Cristina

Scores at the first commercial break (after clue 15):

Robin Clara Cristina
$1,800 $0 $7,800

Scores at the end of the Jeopardy! Round:

Robin Clara Cristina
$6,200 $800 $9,000

Double Jeopardy! Round responses

U.S. CITIES
SNL ACTORS IN THE MOVIES
(Alex: [After reading first clue] We're looking for the actor.)
POETS & POETRY
THE MOON
AND SIX
"PANT"s
    $400 1
Taos

Clara
    $400 16
(Robin: Who is Dan Aykroyd?)

John Belushi

RobinClara
    $400 21
a snake

Clara
    $400 30
Isaac Newton

Cristina
    $400 6
La

Clara
    $400 11
the occupant

Clara
    $1,200 2
Philadelphia

Clara
    $800 17
(Cristina: Oh.)
(Alex: Hurry.)
(Cristina: Who is--[shakes head])
(Alex: Oh, it's too bad.)

Jane Curtin

RobinCristina
    $800 22
an anvil

Clara
    $800 27
Galileo

Robin
    $800 7
The Six Million Dollar Man

Clara
    $800 12
a pantry

Cristina
    $1200 3
Las Vegas

Robin
    $1200 18
Eddie Murphy

Robin
    $1200 23
(Cristina: What is a soldier?)

an athlete

Cristina
Triple Stumper
    $1200 26
(Robin: Who is Copernicus?)

Tycho Brahe

RobinCristina
    $1200 8
the Six Days' War

Cristina
    $1200 13
a pantomime

Cristina
    $1600 4
Tulsa

Clara
    $1600 19
Mike Myers

Cristina
    $1600 24
an epitaph

Clara
    $1600 28
(Robin: Who is Archimedes?)

Ptolemy

Robin
Triple Stumper
    $1600 9
cylinders

Clara
    $2,000 14
(Cristina: What is... oh.)
(Alex: Hurry.)
(Cristina: Dis--dis--)
[The time expiry signal sounds.]
(Alex: I have a feeling you forgot the category.)
(Cristina: [Laughs] Yes.)
(Alex: Yeah. The category is "PANT"s, and the word we're going for here is [*].)

flippant

Cristina
    $2000 5
Montpelier

Clara
    $2000 20
(Clara: Who is, um... Joe Piscopo?)

David Spade

Clara
Triple Stumper
    $2000 25
(Alex: [*] is right with a minute to go, and yes, folks, it is "DON JOO-un", not "DON WAHN". We want to mention that so we avoid the mail.)

Byron

Cristina
    $2000 29
Aristotle

Triple Stumper
    $2000 10
Six Degrees of Separation

Robin
    $2000 15
rampant

Clara

Scores at the end of the Double Jeopardy! Round:

Robin Clara Cristina
$9,000 $12,400 $13,400

[wagering suggestions for these scores]

Final Jeopardy! Round responses

HISTORIC NEW YORK CITY
RobinWhat is Herald Square?
$1,000
ClaraWhat is Tamanny Sq.
$0
CristinaWhat is Times Square?
$400
Union Square

Final scores:

Robin Clara Cristina
$8,000 $12,400 $13,000
3rd place: $1,000 2nd place: $2,000 New champion: $13,000

Game dynamics:

Coryat scores:

Robin Clara Cristina
$9,000 $12,000 $12,800
15 R,
5 W
17 R
(including 1 DD),
3 W
20 R
(including 1 DD),
3 W
(including 1 DD)

Combined Coryat: $33,800

[game clues] [game scores] [suggest correction]

Game tape date: 2007-11-14
The J! Archive is created by fans, for fans. Scraping, republication, monetization, and malicious use prohibited; this site may use cookies and collect identifying information. See terms. The Jeopardy! game show and all elements thereof, including but not limited to copyright and trademark thereto, are the property of Jeopardy Productions, Inc. and are protected under law. This website is not affiliated with, sponsored by, or operated by Jeopardy Productions, Inc. Join the discussion at JBoard.tv.